000 00559 a2200193 4500
003 OSt
005 20231128105358.0
008 231128b |||||||| |||| 00| 0 eng d
020 _a9789354663444
020 _a9789354663499
040 _coclc
082 _a612
_bCHA/H
100 _aChatterjee C C
_98605
245 _aC C Chatterjee's Human Physiology /
_cEdited by Nitin Ashok John
250 _a14th ed.
260 _aNew Delhi:
_bCBS Publishers,
_c2022.
300 _a2 Vols, 1022p
942 _2ddc
_cBK
_h612
_iCHA/H
_k612
_mCHA/H
999 _c43692
_d43692